| 000 | 00593nam a2200229Ia 4500 | ||
|---|---|---|---|
| 003 | IT-RoPAU | ||
| 008 | 120407s9999 xx 000 0 und d | ||
| 040 | _aIT-RoPAU | ||
| 040 | _cIT-RoPAU | ||
| 041 | _aita | ||
| 100 | _aDino Pastine | ||
| 245 | _a"Europa (l’) cristiana nel rapporto con le altre culture nel secolo XVII Atti del convegno di studio di S. Margherita Ligure (19-21 maggio 1977)." | ||
| 250 | _aFirenze | ||
| 260 | _aLa Nuova Italia | ||
| 260 | _c1978 | ||
| 300 | _a172 p. | ||
| 300 | _c24 cm | ||
| 490 | _aStudi | ||
| 490 | _v12 | ||
| 942 | _cBK | ||
| 999 |
_c27052 _d27052 |
||